Gulliver's travels

Bibliographic Details
Main Author: Swift, Jonathan
Format: Book
Published: England : Pearson Education Ltd. , 2000
Series:Penguin readers
Subjects:

MARC

LEADER 00000cam a2200000 7i4500
001 0000056373
005 20071005.0
020 |a 0582426626 
090 0 0 |a JF   |b PEN 
100 1 |a Swift, Jonathan 
245 1 0 |a Gulliver's travels   |c Jonathan Swift 
260 |a England :   |b Pearson Education Ltd. ,   |c 2000 
300 |a 40p. :   |b ill. ;   |c 20cm. 
490 0 |a Penguin readers 
650 0 0 |a Children's stories 
999 |a 136527   |b BUKU   |c PINJAMAN   |e PERPUSTAKAAN KOMUNITI PETALING JAYA 
999 |a 136528   |b BUKU   |c PINJAMAN   |e PERPUSTAKAAN KOMUNITI PETALING JAYA